1186 1163 1966 1703 1836 1975 1557 1101 1171 1101 1440 1212 1350 1389 1769 1256 1049 1394 1469 1132 1600 1245 1612 1123 1841 1915 1234 1091 1641 1401 1196 1366 1077 1260 1857 1851 1498 1614 1443 1894 1964 1564 1935 1783 1136 1986 1841 1578 1111 1464 1230 1426 1412 1838 1779 1139 1539 1940 1359 1049 1906 1829 1387 1665 1244 1467 1445 1201 1933 1713 1771 1453 1556 1784 1114 1412 1869 1766 1647 1753 1559 1365 1112 1861 1606 1756 1426 1686 1601 1899 1302 1735 1551 1426 1931 1089 1399 1494 1020 BCNSPRNW ULIB Ver.6.0+V

เปลี่ยนเป็นภาษาไทย

Change to English
 แสดงรายละเอียดบรรณานุกรม
  กลับหน้าหลัก

Brief Record : Get Marc (ISO 2709) : E-mail record : QR code < ปิดหน้าต่าง
LEADER : 00000nam 2200000uu 4500
001    13399112449
003     ULIB
008    110627s2554||||th 000 0 tha d
020    9786165082082
090    นว.^bก382ส 2554
100 0  กัญญ์ชลา
245 00 สาปสวาท/^cกัญญ์ชลา
250    พิมพ์ครั้งที่ 3
260    กรุงเทพฯ :^bแสงดาว,^c2554
300    584 หน้า
710 1  แสงดาว
945    ^p420^l0^i030452
995    ทศพร
999 ^a ใช้งานได้ทุกระบบ
รายการนี้ยังไม่มีแท็ก
คุณยังไม่ได้ล็อกอิน คุณสามารถมีกิจกรรมร่วมกับเว็บไซต์ได้ แต่ต้องล็อกอินก่อน ::
  ล็อกอิน

รายการสื่อสารสนเทศ

ลำดับที่ ประเภท เลขเรียก/บาร์โค้ด สถานที่ สถานะ
- ไม่พบข้อมูล -

BibComment


ยังไม่เคยถูกคอมเมนท์

คอมเมนท์ทรัพยากรรายการนี้
  คอมเมนท์: สาปสวาท กัญญ์ชลา


 Copyright 2026. Bcnsprnw @Library